Долі та фурії (Запис № 413580)

МАРК-запис
000 -Лідер
fixed length control field 02561nam a22002657a 4500
001 - Контрольний номер
control field 126389
003 - Ідентифікатор контрольного номера
control field UA-OsUOA
005 - Дата та час останнього входження (трансакції)
control field 20220520144219.0
007 - Фіксоване поле фізичного опису
fixed length control field ta
008 - Елементи даних фіксованої довжини – загальна інформація
fixed length control field 20171018b un ||||| |||| 00| 0 ukr d
020 ## - Міжнародний стандартний книжковий номер (ISBN)
Міжнародний стандартний книжковий номер (ISBN) (НП) 9786177279647
040 ## - Джерело каталогізації
Агенція оригінальної каталогізації UA-OsUOA
Мова каталогізації ukr
Агенція, яка здійснювала перезапис UA-OsUOA
Агенція, яка здійснювала модифікацію UA-OsUOA
041 ## - Код мови
Код мови тексту/ звукової доріжки чи окремого заголовка (П) ukr
080 ## - Індекс Універсальної десяткової класифікації
Індекс Універсальної десяткової класифікації (УДК) (НП) 821.161.2
090 ## - Локальний шифр розміщення
Класифікаційний індекс УДК 821.161.2
Авторський знак (НП) Г89
100 ## - Основне введення – ім’я особи
Ім’я особи (НП) Грофф Л.
245 ## - Відомості про назву
Назва (НП) Долі та фурії
Дані про відповідальність (НП) Лорен Грофф ; пер. з англ. Ольга Захарченко
260 ## - Публікація, розповсюдження і т.п. (Вихідні дані)
Місце публікації, розповсюдження і т.п. (П) К.
Ім’я/ наймення видавництва, розповсюджувача і т.п. (П) Наш формат
Дата публікації, розповсюдження і т.п. (П) 2016
300 ## - Фізичний опис
Обсяг 408 с.
520 ## - Резюме і т.п.
Резюме, реферат, анотація, тощо (НП) Роман «Долі та фурії» одразу після публікації опинився у списку улюблених книжок Барака Обами, а також увійшов до рейтингів найкращих книжок року за версією Amazon, Washington Post, Time, Kirkus та інших ЗМІ.<br/>В центрі сюжету — життя успішного драматурга Ланселота «Лотто» і його коханої дружини Матильди, яка усе життя провела в тіні чоловіка. Дія роману розгортається у Нью-Йорку впродовж двадцяти п’яти років. Але одного дня стає зрозуміло, що самозакоханий геній Лотто — лише маріонетка в руках своєї дружини. Зовні ідеальний шлюб іде тріщинами: повага поступається місцем брехні, кохання — інтригам.<br/>Для поціновувачів якісної художньої літератури, усіх, кого цікавить сучасна американська проза, психологія, сімейні стосунки.<br/>«Долі та фурії» — живий роман про живих людей. Авторка з ретельністю сімейного психолога препарує шлюб, зазирає у минуле, дізнається родинні таємниці, аналізує вчинки і витягує з шафи старі скелети. Джерело: https://nashformat.ua/products/doli-ta-furii-703587
650 #7 - Додаткове предметне введення – тематичний термін
Тематичний термін чи географічна назва, як елемент введення (НП) 821 Художня література окремими мовами і мовними сім'ями
Джерело заголовка чи терміна UDC
942 ## - Додаткові елементи входу (Коха)
Тип елемента Koha Книги
Source of classification or shelving scheme Universal Decimal Classification
955 ## - Код типу видання за змістом
Код типу видання за змістом (НП) Літературно-художні видання
Фонди
Стан вилучень Стан втрат Джерело класифікації або схеми стелажів Стан уражень Не для кредиту Постійне місце розташування Поточне розміщення Дата придбання Джерело придбання Вартість, звичайна ціна покупки Інвентарний номер Усього замовленно Повний номер виклику Штрих-код Перевірено Дата останнього перегляду Дата останньої перевірки Ціна ефективна від Тип елемента Koha
    Universal Decimal Classification     АБ - Абонемент НБ АБ - Абонемент НБ 18/10/2017 45/2017 195.00 156354 3 821.161.2 Г89 156354 17/03/2026 17/12/2025 17/12/2025 18/10/2017 Книги